[Event "Klubbmesterskapet 2023 (A)"]
[Site "Ås, Viken NOR"]
[Date "2023.03.02"]
[Round "3"]
[White "Aamodt, Peder Marcus"]
[Black "Samset, Jon"]
[Result "1-0"]
[WhiteElo "2022"]
[BlackElo "1404"]
[Annotator "Aamodt, Peder Marcus"]
[PlyCount "53"]
[EventDate "2023.02.02"]

1. d4 g6 2. c4 Nf6 3. Nc3 Bg7 4. Nf3 d6 5. Bg5 O-O 6. e3 a6 $5 {Dette er ikke
det meste spilte trekket, men er spennende for svart} (6... Nbd7 {Dette er
hovedtrekket med planen om å spille h7-h6 etterfulgt av g6-g5 og Sh5 for å
vinne løperparet. Hvit står helt fint her også, men dette er det vanligste.})
7. Be2 Bg4 $6 {Dette virker ikke som det riktige feltet for løperen. Det er
nok bedre å vente litt med utviklingen av denne løperen} (7... c6 8. O-O b5 9.
a3 {Er den mest spilte varianten her}) 8. Qb3 $5 $146 {Hvit ønsker å presse
b7-bonden direkte.} b6 9. h3 Bf5 (9... Bxf3 $6 10. Bxf3 {Dronningfløyen til
svart er ubehagelig og hvit står klart bedre.}) 10. O-O Nc6 11. Nd2 $5 {Hvit
ønsker å dominere e4-feltet med begge springerne og Lf3} Qc8 $6 {Svart spiller
ikke med noe klar plan} (11... h6 {Hadde vært bedre} 12. Bh4 Rb8 {Med planen
om å bryte med b6-b5. Hvit står fortsatt mer komfortabelt, men det er helt
klart gode sjanser for motspill}) 12. Bf3 Bd7 13. Qd1 $5 {Profylakse mot et
trekk som Sa5 og Lc6 for å bytte hvitfeltsløperne, men det var nok ikke helt
nødvendig} (13. Rac1 Na5 14. Qd1 Bc6 $2 {Ikke den beste planen for svart} (
14... Rb8 15. b4 {Hvit får mye plass og lett kordinasjon}) 15. b4 Bxf3 16. Qxf3
Nb7 {Er også veldig godt for hvit her}) 13... Rb8 14. Rc1 $1 {Dette slår meg
som et veldig godt trekk. Med dette trekket stopper hvit begge bruddene som er
tilgjengelig for svart.} e5 $2 {Svart faller i fella} (14... b5 $2 {Her hadde
jeg planlagt en fin variant} 15. cxb5 axb5 16. Bxf6 Bxf6 17. Nd5 Bg7 $4 (17...
Na5 18. Ne4 {Hvit står til klar vinst. Bonden på c7 vil nok falle og dermed
rakner hele stillingen}) 18. Rxc6 $3 {Og hvit vinner hele offiseren}) (14... h6
15. Bh4 Qd8 {Når Stockfish foreslår dette som et av topptrekkene, sier det noe
om at dette ikke er ideelt for svart}) 15. Nd5 $1 Nxd5 16. cxd5 Nb4 17. Qb3 a5
18. Be7 (18. Ne4 $1 {Hadde vært bedre. Bonden på d6 burde falle og svart
sliter med motspillet sitt}) 18... Bb5 19. Bxf8 Bxf1 $4 {Nå mister svart en
offiser} (19... Qxf8 {Svart vil stå klart dårligere, men her er det mer spill
enn i partiet} 20. Rfe1 Qe8 21. dxe5 Bxe5 22. Rxc7 Nd3 23. Rb1 {Dette ser ikke
så pent ut for svart heller}) 20. Bxg7 Bxg2 21. Bxg2 Kxg7 22. a3 Na6 23. dxe5
Nc5 24. Qc3 Kg8 25. exd6 cxd6 26. b4 axb4 27. axb4 {Svart må gi enda en
offiser på c5 og det er en klart vunnet stilling for hvit} 1-0

[Event "Klubbmesterskapet 2023 (A)"]
[Site "Ås, Viken NOR"]
[Date "2023.03.02"]
[Round "3"]
[White "Furnes, Torstein"]
[Black "Kielland-Lund, Jon"]
[Result "1/2-1/2"]
[WhiteElo "1715"]
[BlackElo "1723"]
[Annotator "Furnes, Torstein"]
[PlyCount "47"]
[EventDate "2023.02.02"]

{Dette er det 18. langsjakkpartiet jeg spiller mot Jon. Jeg har hatt hele 12
hvitpartier og kun 6 svartpartier mot ham.} 1. d4 d5 2. c4 c6 3. cxd5 cxd5 4.
Bf4 Nc6 5. e3 Nf6 6. Nc3 Bf5 7. Qb3 Na5 8. Qa4+ Bd7 9. Qc2 Rc8 10. Bd3 e6 11.
Nf3 b5 12. a3 Be7 13. O-O Nh5 {Dette er nøyaktig det samme som vi spilte i
Høstturneringen 2018 !} 14. Be5 ({Jeg husket fra analysene til 2018-partiet at
maskinens førstevalg her var} 14. Bxh7 Nxf4 15. exf4 g6 16. Bxg6 fxg6 17. Qxg6+
Kf8 {med hvitfordel på ca. +1. Men jeg var ikke helt overbevist om at det var
riktig av meg å gå inn i denne varianten.}) 14... f6 15. Bxh7 fxe5 $18 ({Her
mener Stockfish at svarts eneste trekk er} 15... Kf8 {med den mulige
fortsettelsen} 16. Nh4 (16. Bg3 $2 f5 17. Bg6 Nxg3 18. fxg3) 16... Be8 17. f4
f5 18. Nxf5 exf5 19. Bxf5) 16. Qg6+ $2 {Men her spiller jeg feil.} ({I
2018-partiet spilte jeg det korrekte} 16. Nxe5 $1 {og det fulgte} Kf8 17. Ng6+
Kf7 18. Nxh8+ Qxh8 19. Qg6+ Kf8 20. Qxh5 {med vunnet stilling for hvit.}) 16...
Kf8 17. Qxh5 Be8 ({Stockfish vil spille} 17... exd4 18. exd4 Be8 19. Qh3 Nc6)
18. Qh3 Bg6 19. Nxe5 Bxh7 20. Qxe6 Bg8 21. Qf5+ (21. Ng6+ Ke8 22. Qg4 Rh7 23.
e4 $18 {er førstevalget til Stockfish.}) 21... Ke8 {Jeg er offiser under, men
har tre bønder for den. Hvit har ikke noen avgjørende gjennombrudd i
stillingen, så jeg velger å ta evigsjakk. Stockfish mener at hvitfordelen er
ca. +2.5.} 22. Qg6+ Kf8 23. Qf5+ Ke8 24. Qg6+ 1/2-1/2

[Event "Klubbmesterskapet 2023 (A)"]
[Site "Ås, Viken NOR"]
[Date "2023.03.02"]
[Round "3"]
[White "Lea, Per"]
[Black "Andersen, Odd"]
[Result "0-1"]
[WhiteElo "1685"]
[BlackElo "1731"]
[Annotator "Lea,Per"]
[PlyCount "110"]
[EventDate "2023.02.02"]

1. c4 e5 2. g3 Nf6 3. Bg2 Bc5 4. Nf3 e4 5. Ng5 Bxf2+ 6. Kxf2 Ng4+ 7. Ke1 Qxg5
8. Bxe4 f5 9. d4 Qg6 10. Bc2 O-O 11. Bf4 d6 12. Qd3 Nc6 13. a3 Qf6 14. h3 Nh6
15. Be3 Nf7 16. Kd2 Ne7 17. Nc3 a6 18. Raf1 g6 19. g4 c5 20. Kc1 cxd4 21. Bxd4
Ne5 22. Bxe5 $2 (22. Qd2 $1 {fordi} Nxc4 {ikke var noen reell trussel:} 23.
Bxf6 Nxd2 24. Bxe7 Nxf1 25. Bb3+ Kg7 26. Bxf8+ Kxf8 27. Rxf1) 22... Qxe5 23.
gxf5 $2 ({Etter} 23. Rf3 {skal hvit beholde en liten fordel, men trekket ser
litt rart ut}) 23... Bxf5 24. e4 Be6 25. Nd5 Rxf1+ 26. Qxf1 {For å hindre at
svart får for mange trusler mot h-bonden, men slag med tårnet var allikevel
bedre. Nå får svart en behagelig fordel.} Nc6 27. Qd3 Rf8 28. Rf1 Rxf1+ 29.
Qxf1 Kg7 30. Qg2 Qd4 31. Qf1 Na5 32. Bd3 Nb3+ 33. Kc2 Nc5 34. Nf4 Bd7 35. Qg2
Ba4+ 36. Kd2 Qxb2+ 37. Ke3 Qc1+ 38. Kf3 Qc3 39. Ke3 Nxd3 40. Nxd3 Qxc4 $4 {
Kaster bort nesten hele fordelen} (40... Bc2 41. Qe2 Qxd3+ 42. Qxd3 Bxd3 43.
Kxd3 {og bondesluttspillet er lett vunnet for svart}) 41. Qb2+ Kh6 42. Qf6 Qb5
43. Qf8+ Kh5 44. Qf3+ Kh6 (44... Kg5 45. Qf4+ Kh5 46. Qf3+ {o.s.v.}) 45. Qf8+
Kg5 46. Qf4+ Kh5 47. Qf3+ Kh6 48. Qf8+ {Dermed har samme stilling oppstått 3
ganger, men begge hadde dårlig tid og hadde ikke holdt telling. Hvit ble
plutselig grådig og håpet på at dronning og springer skulle jobbe bra sammen.}
Kh5 49. Nf4+ Kh4 50. Qh6+ (50. Ng2+ Kxh3 51. Qf3+ Kh2 52. Qf4+ Kxg2 53. Qg4+
Kf1 54. Qf3+ Kg1 {og kongen kommer ikke ut av sjakkene}) 50... Kg3 51. Ne2+ {
Taper så det suser!} ({Etter} 51. Nd3 {har hvit fremdeles remissjanser, men
det er lett å trå feil}) 51... Kg2 52. Qh4 Qb3+ 53. Kf4 Qf3+ 54. Kg5 Qxe2 55.
e5 Qxe5+ ({Selv} 55... dxe5 56. Qxa4 {er vunnet for svart}) 0-1

[Event "Klubbmesterskapet 2023 (A)"]
[Site "Ås, Viken NOR"]
[Date "2023.03.02"]
[Round "3"]
[White "Johansen, Anders Sten"]
[Black "Hrituleac, Paul"]
[Result "1-0"]
[WhiteElo "1738"]
[BlackElo "1299"]
[PlyCount "69"]
[EventDate "2023.02.02"]

1. e4 e6 2. d3 d5 3. Nd2 Nf6 4. Ngf3 Bc5 5. e5 Nfd7 6. d4 Be7 7. Bd3 c5 8. c3
b6 9. Qe2 a5 10. O-O Ba6 11. Bxa6 Nxa6 12. a3 Nab8 13. Re1 Nc6 14. Nf1 c4 15.
Bf4 Nf8 16. Rad1 Ng6 17. Bc1 a4 18. Ng3 h5 19. h3 h4 20. Nf1 Kd7 21. N1h2 Nf8
22. Ng4 g5 23. Nf6+ Bxf6 24. exf6 Nh7 25. Ne5+ Nxe5 26. dxe5 Qg8 27. Qxc4 g4
28. hxg4 Ra5 29. Qb4 Qd8 30. Be3 Kc6 31. c4 Nf8 32. cxd5+ Rxd5 33. Rxd5 Qxd5
34. Rc1+ Kb7 35. Qxb6+ 1-0

[Event "Klubbmesterskapet 2023 (A)"]
[Site "Ås, Viken NOR"]
[Date "2023.03.16"]
[Round "4"]
[White "Holm, Bjarne"]
[Black "Hrituleac, Paul"]
[Result "1-0"]
[WhiteElo "1683"]
[BlackElo "1299"]
[PlyCount "101"]
[EventDate "2023.02.02"]

1. e4 e6 2. d4 d5 3. exd5 exd5 4. Nf3 Nf6 5. Bg5 Be7 6. Be2 h6 7. Bh4 Bf5 8.
Nc3 c6 9. O-O Nbd7 10. a3 Qb6 11. b4 a6 12. Re1 Qd8 13. h3 O-O 14. Bd3 Be6 15.
Bg3 Nh5 16. Bh2 Bg5 17. Ne2 Qf6 18. Ng3 Nf4 19. Bf1 Rae8 20. a4 Nb6 21. Ne5 Nc4
22. Nxc4 dxc4 23. Ne4 Qd8 24. Nc5 Re7 25. c3 Rfe8 26. Nxe6 Rxe6 27. Rxe6 Rxe6
28. Bxf4 Bxf4 29. Bxc4 Rf6 30. Qe2 Qd6 31. Qe8+ Kh7 32. Bxf7 Qb8 33. Qxb8 Bxb8
34. Bc4 Bf4 35. Rd1 Rf8 36. g3 Bd6 37. Kg2 Re8 38. h4 b5 39. axb5 axb5 40. Bd3+
Kg8 41. Ra1 Rc8 42. Be4 Be7 43. Ra6 c5 44. dxc5 Bf6 45. Rb6 Bxc3 46. Rxb5 Re8
47. f3 Kf8 48. Rb7 Rd8 49. c6 Rd2+ 50. Kh3 h5 51. c7 1-0

[Event "Klubbmesterskapet 2023 (A)"]
[Site "Ås, Viken NOR"]
[Date "2023.03.16"]
[Round "4"]
[White "Andersen, Odd"]
[Black "Johansen, Anders Sten"]
[Result "1/2-1/2"]
[WhiteElo "1727"]
[BlackElo "1749"]
[PlyCount "56"]
[EventDate "2023.02.02"]

1. d4 d5 2. c4 c6 3. cxd5 cxd5 4. Bf4 Nc6 5. Nf3 Nf6 6. e3 Bf5 7. Nc3 Qb6 8.
Qb3 Qxb3 9. axb3 a6 10. Be2 e6 11. Ne5 Nxe5 12. Bxe5 Ne4 13. f3 Nxc3 14. bxc3
Rc8 15. Kd2 f6 16. Bg3 Kd7 17. Bd3 Bxd3 18. Kxd3 Bd6 19. Bxd6 Kxd6 20. c4 Rc6
21. Ra5 Rhc8 22. c5+ Kd7 23. Rha1 e5 24. b4 exd4 25. exd4 Re6 26. R1a2 Rce8 27.
Rd2 Re3+ 28. Kc2 Kc6 1/2-1/2

[Event "Klubbmesterskapet 2023 (A)"]
[Site "Ås, Viken NOR"]
[Date "2023.03.16"]
[Round "4"]
[White "Kielland-Lund, Jon"]
[Black "Lea, Per"]
[Result "0-1"]
[WhiteElo "1721"]
[BlackElo "1685"]
[Annotator "Lea,Per"]
[PlyCount "116"]
[EventDate "2023.02.02"]

1. c4 c5 2. Nf3 Nc6 3. d4 cxd4 4. Nxd4 g6 5. e4 Bg7 6. Be3 Nf6 7. Nc3 O-O 8.
Be2 e6 9. g4 d5 10. Nxc6 bxc6 11. e5 Ne4 12. Nxe4 dxe4 13. Bc5 Re8 14. Qxd8
Rxd8 15. Bd6 c5 16. O-O-O Bb7 17. g5 Rac8 18. Rhg1 Bf8 19. Rd2 Bxd6 20. exd6
Kf8 21. Rgd1 Rd7 22. Bg4 Rdd8 23. Bh3 Rd7 24. Bg2 Rcd8 25. Bh3 Ba8 26. Kc2 Bc6
27. Kc3 a5 28. b3 Ba8 29. Bg4 Kg7 30. h4 f5 31. gxf6+ Kxf6 32. f4 exf3 33. Rd3
Be4 34. Re3 Bf5 35. Bxf3 Rxd6 36. Rxd6 Rxd6 37. a3 Rd4 38. h5 e5 39. hxg6 hxg6
40. b4 axb4+ 41. axb4 cxb4+ 42. Kxb4 Be6 43. Be2 Kf5 44. Kb5 Re4 45. Rf3+ (45.
Bd3 $2 Bxc4+) 45... Rf4 46. Rc3 e4 47. c5 Ke5 48. c6 Rf8 49. Kb6 Rb8+ 50. Ka7
Rc8 51. c7 Kd6 52. Kb7 g5 53. Ba6 g4 54. Kb6 Rg8 $4 (54... Re8 $11) 55. c8=Q $2
(55. Rc6+ Ke5 56. Rxe6+ Kd5 (56... Kxe6 57. Bc4+) 57. c8=Q {1-0}) 55... Bxc8
56. Rxc8 (56. Bxc8 g3 57. Rc1 g2 58. Bb7 Ke5 (58... g1=Q+ 59. Rxg1 Rxg1 60.
Bxe4 $11) 59. Rg1 Kd4 60. Rd1+ Ke3 61. Rg1 Rg4 62. Kc5 Kd3 (62... Kf2 $2 63.
Rxg2+ Kxg2 64. Kd4 Kf3 65. Bd5 Rf4 66. Bb7 $11) 63. Bd5 e3 (63... Ke3 64. Kc4
Kf2 65. Rxg2+ Rxg2 66. Bxe4 $11) 64. Bxg2 (64. Rxg2 Rxg2 65. Bxg2 e2 66. Bf3
e1=Q {0-1}) 64... e2) 56... Rxc8 57. Bxc8 g3 58. Bh3 e3 {Hvit kan ikke hindre
at en bonde går inn} 0-1

[Event "Klubbmesterskapet 2023 (A)"]
[Site "Ås, Viken NOR"]
[Date "2023.03.16"]
[Round "4"]
[White "Samset, Jon"]
[Black "Furnes, Torstein"]
[Result "0-1"]
[WhiteElo "1404"]
[BlackElo "1719"]
[Annotator "Furnes, Torstein"]
[PlyCount "48"]
[EventDate "2023.02.02"]

1. Nf3 d5 2. b4 Nf6 3. d3 Bf5 4. g3 e6 5. a3 c5 6. bxc5 Bxc5 7. d4 Be7 8. Bg5
Nc6 9. Bg2 Qa5+ 10. c3 Bxb1 (10... Ne4 11. Bd2 Qb6 {er maskinens førstevalg.})
11. Qxb1 Qxc3+ (11... Nxd4 $1 {er bedre. Med poenget} 12. Nxd4 $2 Qxc3+ 13. Bd2
Qxd4) 12. Bd2 Qc4 13. Ne5 $2 $19 (13. O-O {er bedre.}) ({Eventuelt} 13. Qxb7
Rb8 14. Qc7 O-O 15. Rc1 Rfc8 16. Qxc8+ Rxc8 17. Rxc4 dxc4 18. Bc3 Bxa3 $17)
13... Qxd4 14. Nxc6 bxc6 15. Qc1 O-O 16. O-O Qa4 17. h4 Rab8 18. Bg5 Rb3 19. h5
h6 20. Bxh6 gxh6 21. Qxh6 Qg4 22. Bf3 Qf5 ({Andrevalget til Stockfish var} 
22... Rxf3 23. exf3 Qxf3) 23. g4 Nxg4 24. Bxg4 Qxg4+ 0-1

[Event "Klubbmesterskapet 2023 (A)"]
[Site "Ås, Viken NOR"]
[Date "2023.04.13"]
[Round "4"]
[White "Brenden, Torbjørn"]
[Black "Aamodt, Peder Marcus"]
[Result "0-1"]
[WhiteElo "1612"]
[BlackElo "2022"]
[PlyCount "44"]
[EventDate "2023.02.02"]

1. d4 Nf6 2. Bf4 c5 3. e3 d5 4. Nf3 Nc6 5. Bb5 Qb6 6. Nc3 cxd4 7. Qxd4 e6 8.
Qxb6 axb6 9. O-O Bb4 10. a3 Bxc3 11. bxc3 O-O 12. c4 Bd7 13. Bc7 dxc4 14. Bxb6
c3 15. a4 Nb4 16. Bc5 Nxc2 17. Rac1 Bxb5 18. axb5 Rfc8 19. Rxc2 Rxc5 20. Rfc1
Nd5 21. e4 Nb4 22. Re2 Nd3 0-1

[Event "Klubbmesterskapet 2023 (A)"]
[Site "Ås, Viken NOR"]
[Date "2023.03.30"]
[Round "5"]
[White "Aamodt, Peder Marcus"]
[Black "Holm, Bjarne"]
[Result "1-0"]
[WhiteElo "2022"]
[BlackElo "1683"]
[PlyCount "49"]
[EventDate "2023.02.02"]

1. d4 Nf6 2. c4 e6 3. Nc3 c5 4. d5 d6 5. e4 Be7 6. Nf3 a6 7. Bd3 Bd7 8. O-O e5
9. Ne1 O-O 10. f4 exf4 11. Bxf4 Bg4 12. Qc2 Nbd7 13. Be2 Qc7 14. Nd3 Bh5 15.
Rae1 Bg6 16. Bf3 Rae8 17. Qd2 Bd8 18. Bg3 Re7 19. Qf4 Ne5 20. Nxe5 Rxe5 21. Qd2
Ree8 22. e5 dxe5 23. Bxe5 Ne4 24. Rxe4 Rxe5 25. d6 1-0

[Event "Klubbmesterskapet 2023 (A)"]
[Site "Ås, Viken NOR"]
[Date "2023.03.30"]
[Round "5"]
[White "Furnes, Torstein"]
[Black "Brenden, Torbjørn"]
[Result "1-0"]
[WhiteElo "1715"]
[BlackElo "1624"]
[Annotator "Furnes, Torstein"]
[PlyCount "49"]
[EventDate "2023.02.02"]

1. d4 Nf6 2. c4 e6 3. Nc3 d5 4. Bg5 Be7 5. e3 c6 6. Nf3 Nbd7 7. Rc1 O-O 8. Bd3
dxc4 9. Bxc4 Nd5 10. Bxe7 Qxe7 11. O-O Nxc3 12. Rxc3 {Så langt har vi fulgt en
av de vanligste variantene i dronninggambit, men svarts neste trekk er ikke
spilt så ofte.} b5 ({De fleste partiene fortsetter med} 12... e5 13. dxe5 Nxe5
14. Nxe5 Qxe5 15. f4 {Denne stillingen oppstår ganske ofte i mine hvit-partier
mot Per. I Follo sjakkforenings partidatabase har vi tre langsjakkpartier der
dette blir spilt.}) 13. Bd3 Bb7 14. Qe2 Rac8 15. Rfc1 a6 16. a3 $2 ({Mye bedre
er} 16. Be4 Nb8 17. Ne5) 16... c5 17. dxc5 Rxc5 18. Rxc5 Nxc5 19. Bb1 Bxf3 20.
Qxf3 Nb3 21. Rd1 Qc5 22. Qe4 g6 23. Qd3 Nc1 $6 ({Svart måtte spille} 23... Qc4
$11 {med jevn stilling.}) 24. Qc2 Rc8 $2 ({Den svarte springeren er
tilsynelatende i trøbbel etter} 24... Qxc2 25. Bxc2 {men Stockfish mener at
svart har kontroll med} Ne2+ 26. Kf1 Rc8 27. Rd2 Nc1 $16) 25. Rxc1 ({Her var
jeg såvidt inne på tanken på det tilsynelatende fikse} 25. Rd8+ $4 Rxd8 (25...
Kg7 $4 26. Rxc8) {men oppdaget heldigvis at} 26. Qxc5 $4 {ville endt
katastrofalt med sekkematt:} Rd1#) 1-0

[Event "Klubbmesterskapet 2023 (A)"]
[Site "Ås, Viken NOR"]
[Date "2023.03.30"]
[Round "5"]
[White "Lea, Per"]
[Black "Samset, Jon"]
[Result "1-0"]
[WhiteElo "1685"]
[BlackElo "1400"]
[Annotator "Lea, Per"]
[PlyCount "95"]
[EventDate "2023.02.02"]

1. c4 Nf6 2. g3 c5 3. Bg2 Nc6 4. Nc3 g6 5. Nf3 Bg7 6. d4 cxd4 7. Nxd4 Nxd4 8.
Qxd4 O-O 9. Bd2 a5 10. O-O a4 11. Rac1 (11. c5 d6 12. cxd6 Qxd6 13. Qxd6 exd6
$14) 11... d6 12. Rfd1 Ra6 (12... Be6 $11) 13. e4 $2 (13. c5 Nd7 14. Qh4 Bf6
15. Qb4 dxc5 16. Qa3 Be5 17. Bd5 Bd4 18. Bh6 Bg7 19. Be3 $14) 13... Ng4 $1 14.
Qd3 Ne5 (14... Qb6 15. Qe2 Nxf2 (15... Qxb2 16. Rb1 Qa3 17. Nd5 Qxa2 18. Nb4
Qa3 19. Nxa6 bxa6 20. Bb4 {1-0}) 16. Nd5 (16. Qxf2 $4 Bd4 {0-1}) 16... Nh3+ 17.
Kh1 (17. Kf1 $4 Qg1#) 17... Nf2+ 18. Kg1) 15. Qe2 Qb6 (15... Bg4 16. f3 Be6 $14
) 16. Be3 Qc6 $2 (16... Qa5) (16... Qd8) (16... Qc7) 17. Nd5 $18 Qd7 18. c5 Ng4
$2 (18... Rc6) 19. Bh3 $2 h5 20. f3 $2 (20. cxd6 exd6 (20... Rxd6 21. Bc5) 21.
f3 $18) 20... e6 21. Nb6 Rxb6 22. cxb6 Nxe3 23. Qxe3 Bxb2 24. Rc7 Qd8 25. Qd2
Be5 26. f4 Bg7 27. Qxd6 Qe8 28. e5 Qb5 29. Rdc1 Qe2 30. Rxc8 Qe3+ 31. Kh1 h4
32. R8c3 Qf2 33. R3c2 Qf3+ 34. Bg2 Qg4 35. Qd1 Qf5 36. Qf3 h3 37. Bf1 Bxe5 38.
Bxh3 Qf6 39. Qxb7 Bb2 40. Rb1 a3 41. Rc8 Qd4 42. Rxf8+ Kxf8 43. Bg2 Qc4 44. Be4
Qxa2 45. Qc8+ Kg7 46. b7 Qb3 47. b8=Q a2 48. Qh8# 1-0

[Event "Klubbmesterskapet 2023 (A)"]
[Site "Ås, Viken NOR"]
[Date "2023.03.30"]
[Round "5"]
[White "Johansen, Anders Sten"]
[Black "Kielland-Lund, Jon"]
[Result "0-1"]
[WhiteElo "1738"]
[BlackElo "1723"]
[Annotator "Tactical Analysis 5.3 (5s)"]
[PlyCount "54"]
[EventDate "2023.02.02"]

1. e4 c6 2. d4 d5 3. e5 c5 4. dxc5 e6 5. a3 Bxc5 6. Qg4 Ne7 7. Nf3 $1 {[#]
Black must now prevent b4.} ({Much worse is} 7. Qxg7 Ng6 $11) 7... Qb6 8. Qxg7
$2 (8. Bd3 $1 $14 {was the only good move.}) 8... Rg8 $17 9. Qxh7 Bxf2+ 10. Kd1
Be3 $2 (10... Nbc6 $17 {Strongly threatening ...Bd7.} 11. Nc3 Nd4) 11. Qd3 ({
White should try} 11. Bxe3 $14 Qxe3 12. a4) 11... Bxc1 $11 12. Kxc1 Bd7 13. Nc3
a6 (13... Nbc6 $11) 14. g3 (14. Kb1 $1 $14) 14... Nbc6 15. Be2 (15. Bg2 $11 {
keeps the balance.}) 15... Ng6 16. Rf1 (16. Na4 $142 Qa5 17. Qb3) 16... Ncxe5
17. Nxe5 Nxe5 18. Qh7 {[%mdl 8192] Now White is beyond hope.} (18. Qd2 $17)
18... Qe3+ 19. Kb1 O-O-O {[#] ...Rh8 is the strong threat.} 20. Bd3 (20. Qh4
$142 Rh8 21. Qf4 Qxf4 22. gxf4) 20... Rh8 $19 {Black is clearly winning.} 21.
Nd1 Qg5 22. Rxf7 Rxh7 23. Rxh7 Nxd3 24. cxd3 Qg6 25. Rh4 Qxd3+ 26. Ka2 Kb8 {
Threatens to win with ...e5.} 27. Nf2 Qc2 {Weighted Error Value: White=1.43/
Black=0.45 Et fullblods angrepsparti. Hvem sa at Caro-Cann er kjedelig?} 0-1

[Event "Klubbmesterskapet 2023 (A)"]
[Site "Ås, Viken NOR"]
[Date "2023.03.30"]
[Round "5"]
[White "Hrituleac, Paul"]
[Black "Andersen, Odd"]
[Result "0-1"]
[WhiteElo "1299"]
[BlackElo "1731"]
[Annotator "Furnes, Torstein"]
[PlyCount "90"]
[EventDate "2023.02.02"]

1. d4 d5 2. c4 dxc4 3. e3 e5 4. Nf3 exd4 5. Bxc4 Bb4+ 6. Nbd2 dxe3 7. fxe3 Nf6
8. O-O O-O 9. Qb3 Nc6 10. Bb5 Bd6 11. Bxc6 bxc6 12. Qc4 c5 13. b3 a5 14. Bb2
Ba6 15. Qh4 Bxf1 16. Rxf1 Be7 17. Ne5 Ra6 18. Ndf3 Ne8 19. Qg4 Bf6 20. Ba3 Qd5
21. Nd7 Qe6 22. Qxe6 Rxe6 23. Nxf8 Kxf8 24. Bxc5+ Nd6 25. Kf2 Ke8 26. Bxd6 Rxd6
27. Ke2 a4 28. Rd1 axb3 29. axb3 Ra6 30. Rd3 Ke7 31. Nd2 Ra2 32. Kf3 Be5 33. h3
Bd6 34. Nc4 Bb4 35. Ne5 Be1 36. Ke4 Ke6 37. Nf3 Bb4 38. g4 Ra1 39. h4 ({Hvit
vinner offiser etter} 39. Nd4+ Kf6 40. Nc2) 39... h6 40. g5 hxg5 41. hxg5 c5
42. Rd5 f6 43. gxf6 gxf6 44. Nd2 Rh1 ({Svart vinner offiser etter} 44... Rd1)
45. Nc4 Rh4+ 0-1

[Event "Klubbmesterskapet 2023 (B)"]
[Site "Ås, Viken NOR"]
[Date "2023.03.30"]
[Round "5"]
[White "Hrituleac, Kosta"]
[Black "Thowsen, Alf Geir"]
[Result "0-1"]
[WhiteElo "1132"]
[BlackElo "1385"]
[PlyCount "88"]
[EventDate "2023.02.02"]

1. d4 Nf6 2. c4 e6 3. Nc3 Bb4 4. Nf3 b6 5. e4 Nxe4 6. Qd3 Nxc3 7. bxc3 Be7 8.
Be2 Bb7 9. h4 h6 10. Rh3 d6 11. Rg3 Bf6 12. Nh2 Nd7 13. Ng4 Bxh4 14. Rh3 Bxg2
15. Re3 Bg5 16. Rg3 Bb7 17. Bxg5 hxg5 18. Rh3 Rh4 19. Rxh4 gxh4 20. Qh7 Qg5 21.
f4 Qe7 22. Qxg7 f5 23. Qh8+ Qf8 24. Qxh4 fxg4 25. Bxg4 Qf6 26. Qh5+ Ke7 27.
Qh7+ Qf7 28. Qh4+ Nf6 29. O-O-O Qh7 30. Qxh7+ Nxh7 31. Re1 Nf8 32. f5 Bc8 33.
d5 e5 34. Rh1 Ba6 35. Rh6 Kf7 36. f6 Bc8 37. Bh5+ Kg8 38. Kd2 Bf5 39. Ke3 Nd7
40. Kf3 Rf8 41. Bg4 Bxg4+ 42. Kxg4 Rxf6 43. Rxf6 Nxf6+ 44. Kf5 Kf7 0-1

[Event "Klubbmesterskapet 2023 (A)"]
[Site "Ås, Viken NOR"]
[Date "2023.04.20"]
[Round "6"]
[White "Aamodt, Peder Marcus"]
[Black "Furnes, Torstein"]
[Result "1-0"]
[WhiteElo "2011"]
[BlackElo "1715"]
[Annotator "Furnes, Torstein"]
[PlyCount "45"]
[EventDate "2023.02.02"]

1. Nf3 d5 2. g3 Nf6 3. Bg2 c5 4. O-O Nc6 5. d4 cxd4 6. Nxd4 e5 7. Nxc6 bxc6 8.
c4 Be7 (8... Be6) 9. Nc3 Be6 10. Bg5 e4 11. Qc2 (11. Qa4) 11... O-O 12. Rfd1
Qa5 13. a3 Rad8 14. b4 Qa6 15. b5 cxb5 $6 $16 (15... Qb6 {må spilles}) 16. cxd5
Nxd5 $2 $18 {Tapstrekket. Hvitfordelen kommer opp i over +3.} ({Bedre er} 16...
Bxd5 17. Nxd5 Rxd5 18. Rxd5 Nxd5 19. Bxe7 Nxe7 20. Qxe4 Qd6) 17. Rxd5 $1 {
Dette trekket hadde jeg oversett.} Bxg5 $2 ({Stockfish vil spille} 17... Rxd5
18. Bxe7 Rc8 19. Bb4 f5) 18. Rxg5 f5 19. g4 h6 20. Rg6 fxg4 ({Det er ikke
mulig å fange tårnet med} 20... Kh7 21. gxf5 Rxf5 22. Rg3) 21. Qxe4 Rde8 22.
Qe5 Re7 23. Bd5 1-0

[Event "Klubbmesterskapet 2023 (A)"]
[Site "Ås, Viken NOR"]
[Date "2023.05.04"]
[Round "6"]
[White "Holm, Bjarne"]
[Black "Andersen, Odd"]
[Result "1-0"]
[WhiteElo "1683"]
[BlackElo "1731"]
[PlyCount "45"]
[EventDate "2023.02.02"]

1. e4 c6 2. Nf3 d5 3. exd5 cxd5 4. d4 Nf6 5. Nc3 Bg4 6. Be2 e6 7. h3 Bh5 8. Bf4
Bd6 9. Bg5 a6 10. O-O h6 11. Bh4 g5 12. Bg3 Bxg3 13. fxg3 Ne4 14. Ne5 Bxe2 15.
Qxe2 Nxg3 16. Qf2 Nf5 17. g4 f6 18. gxf5 fxe5 19. fxe6 Qd6 20. Qf7+ Kd8 21.
Qf6+ Kc7 22. Qxh8 Kb6 23. Qxe5 1-0